Music Quiz

Random Music or Song Quiz

Bullet for my valentine lyrics Quiz Stats

Quiz not verified by Sporcle

Also try: Opening Lyrics VI
Challenge
Share
Tweet
Embed
Score 0/10 Timer 06:00
0 Plays Today
Lyrics Continue the lyrics % Correct
If i tear you open wide...take a look in side are you pretty
67.7%
Every one is sick of caring..no silver lining on the cloud that covers you
54.6%
Heaven where is my angel i need her now...holding me tonight
36.2%
Theres curses lurking in our heads...but we dont want to find them
32.3%
I want you to choke when you swallow your pride...lay in your coffin and sleep with your sins
20.8%
I can't wait to return the favorlook at me now, look at me now, look at me now
20%
There goes my valentine...again im soaked in red for what she said
15.4%
Trapped in a world of endless days, my engine's stalling...Body and mind are breaking down,
15.4%
The night has started here we go...I've taken everything
4.6%
Our darkest dyas they fade away...it's almost time there almost gone
2.3%

You're not logged in!

Compare scores with friends on all Sporcle quizzes.
Sign Up with Email
OR
Log In

You Might Also Like...

Show Comments

Extras

Top Quizzes Today


Score Distribution

Your Account Isn't Verified!

In order to create a playlist on Sporcle, you need to verify the email address you used during registration. Go to your Sporcle Settings to finish the process.

Report this User

Report this user for behavior that violates our Community Guidelines.

Details: